Dailan Kifki /
Dailan Kifki apareció un buen día y cambió la vida de toda la familia. Porque aunque te parezca mentira, no es fácil criar a un elefante, sobre todo si se queda dormido arriba de una plantita que crece hasta las nubes. Una novela donde las situaciones más desopilantes son contadas con la ternura nec...
Guardado en:
| Autor Principal: | |
|---|---|
| Otros Autores: | |
| Formato: | Libro |
| Idioma: | Undetermined |
| Publicado: |
Buenos Aires :
Alfaguara,
2005.
|
| Edición: | 1a ed. 8a reimp. |
| Series: | AlfaWalsh
|
| Materias: | |
| Etiquetas: |
Agregar Etiqueta
Sin Etiquetas, Sea el primero en etiquetar este registro!
|
| LEADER | 01006nam a22002175a 4500 | ||
|---|---|---|---|
| 001 | CEM.cems024380 | ||
| 008 | 241126s2005####ag############000#0#und#d | ||
| 005 | 20241126150211.0 | ||
| 245 | 1 | 0 | |a Dailan Kifki / |c María Elena Walsh ; ilustraciones Sandra Lavandeira. |
| 250 | |a 1a ed. 8a reimp. | ||
| 260 | |a Buenos Aires : |b Alfaguara, |c 2005. | ||
| 300 | |a 86 p. | ||
| 490 | 1 | |a AlfaWalsh | |
| 520 | |a Dailan Kifki apareció un buen día y cambió la vida de toda la familia. Porque aunque te parezca mentira, no es fácil criar a un elefante, sobre todo si se queda dormido arriba de una plantita que crece hasta las nubes. Una novela donde las situaciones más desopilantes son contadas con la ternura necesaria para que sean inolvidables. | ||
| 020 | |a 9505116292 | ||
| 100 | 1 | |a Walsh, María Elena. | |
| 700 | 1 | |a Lavandeira, Sandra; il. | |
| 653 | |a Literatura argentina | ||
| 653 | |a Literatura infantil | ||
| 653 | |a Narrativa argentina | ||
| 859 | |a CEMS |b BIB. CEMS - Inicial y Primaria |h A863.4 |i W168-1 |k IP |p 3215 |t Ej.1 | ||
